| 000 | 04825cam a2200757 4500500 | ||
|---|---|---|---|
| 005 | 20260111072916.0 | ||
| 041 | _afre | ||
| 042 | _adc | ||
| 100 | 1 | 0 |
_aRereao, Maya _eauthor |
| 700 | 1 | 0 |
_aAmadéo, Stéphane _eauthor |
| 700 | 1 | 0 |
_aAnnette, Aurélie _eauthor |
| 700 | 1 | 0 |
_aArmanville, Françoise _eauthor |
| 700 | 1 | 0 |
_aAtwan, Noor-Alisson _eauthor |
| 700 | 1 | 0 |
_aBrilland, Sophie _eauthor |
| 700 | 1 | 0 |
_aCorruble, Emmanuelle _eauthor |
| 700 | 1 | 0 |
_ade Ryckel, Pierre Alexandre _eauthor |
| 700 | 1 | 0 |
_aDelanoë, Daniel _eauthor |
| 700 | 1 | 0 |
_aDeschamps, Claudine _eauthor |
| 700 | 1 | 0 |
_aFavro, Patrick _eauthor |
| 700 | 1 | 0 |
_aGokalsing, Erick Jean René _eauthor |
| 700 | 1 | 0 |
_aGrand, Simone _eauthor |
| 700 | 1 | 0 |
_aGuidère, Mathieu _eauthor |
| 700 | 1 | 0 |
_aGuillon, Pierre Louis _eauthor |
| 700 | 1 | 0 |
_aHemart, Catherine _eauthor |
| 700 | 1 | 0 |
_aHorri, Sophien _eauthor |
| 700 | 1 | 0 |
_aJanvier, Caroline _eauthor |
| 700 | 1 | 0 |
_aKim, Brigitte _eauthor |
| 700 | 1 | 0 |
_aLalanne, Cécile _eauthor |
| 700 | 1 | 0 |
_aLebars, Stéphanie _eauthor |
| 700 | 1 | 0 |
_aLebleu, Teophile _eauthor |
| 700 | 1 | 0 |
_aLislet, Nelly _eauthor |
| 700 | 1 | 0 |
_aMerle, Sylvie _eauthor |
| 700 | 1 | 0 |
_aMontreuil, Louise _eauthor |
| 700 | 1 | 0 |
_aPradem, Marianne _eauthor |
| 700 | 1 | 0 |
_aRotsen, Dryss _eauthor |
| 700 | 1 | 0 |
_aSachet, Tevaite _eauthor |
| 700 | 1 | 0 |
_aSainte Rose, Fabienne _eauthor |
| 700 | 1 | 0 |
_aSebti, Johan _eauthor |
| 700 | 1 | 0 |
_aZobda Zebina, Mylenn _eauthor |
| 700 | 1 | 0 |
_aZouaghi, Haroun _eauthor |
| 700 | 1 | 0 |
_aSpodenkiewicz, Michel _eauthor |
| 700 | 1 | 0 |
_aSéguin, Monique _eauthor |
| 700 | 1 | 0 |
_aJehel, Louis _eauthor |
| 245 | 0 | 0 | _aLa mortalité par suicide dans les Outre-mer, un état des lieux et un projet : Autopsom |
| 260 | _c2022. | ||
| 500 | _a30 | ||
| 520 | _aLes départements et régions d’Outre-mer-collectivités d’Outre-mer (DROM-COM) ont des taux de suicide inférieurs à ceux de la France hexagonale mais leurs estimations sont sous-évaluées et hétérogènes suivant les territoires. Cela peut être expliqué par un système de recueil de données incomplet, par une sous-déclaration des suicides ou encore pour des raisons culturelles. Les quelques enquêtes épidémiologiques faites dans les DROM-COM se sont surtout intéressées aux tentatives de suicides et aux idées suicidaires. Il est important de recueillir des informations plus complètes sur les suicides en Outre-mer et leurs facteurs de risque éventuellement propres à ces territoires afin d’adapter des stratégies de préventions ciblées par une étude qui prend aussi un point de comparaison d’un territoire de l’Hexagone. | ||
| 520 | _aThe DROM-COM (overseas departments and regions, and overseas collectivities) have lower suicide rates than mainland France. However, these rates are underestimated and show heterogeneity depending on the territories. This can be explained, among other things, by an incomplete data collection system, an under-declaration of suicides, or even cultural reasons. The few epidemiological surveys that have been carried out in the DROM-COM concerned suicide attempts and suicidal thoughts. It is important to collect more information on suicides in Overseas France and any risk factors specific to these territories in order to adapt targeted prevention strategies. | ||
| 520 | _aLos Departamentos y Regiones de Ultramar - Colectividades de Ultramar (DROM-COM) presentan tasas de suicidio inferiores a las de la Francia continental, pero sus estimaciones son subestimadas y heterogéneas según los territorios. Esto puede explicarse por un sistema de recogida de datos incompleto, por una infra-declaración de los suicidios o incluso por razones culturales. Las pocas encuestas epidemiológicas realizadas en los DROM-COM se han centrado principalmente en los intentos de suicidio y en la ideación suicida. Es importante reunir una información más completa sobre los suicidios en los territorios de ultramar y sus factores de riesgo, que pueden ser específicos de estos territorios, para adaptar estrategias de prevención específicas mediante un estudio que también tenga un punto de comparación con un territorio de Francia. | ||
| 690 | _aanthropologie | ||
| 690 | _aautopsie psychologique | ||
| 690 | _aépidémiologie | ||
| 690 | _afacteurs de risque | ||
| 690 | _aOutre-mer | ||
| 690 | _arecueil de données | ||
| 690 | _asuicide | ||
| 690 | _aanthropology | ||
| 690 | _adata collection | ||
| 690 | _aepidemiology | ||
| 690 | _aOverseas France | ||
| 690 | _apsychological autopsy | ||
| 690 | _arisk factors | ||
| 690 | _asuicide | ||
| 786 | 0 | _nL'information psychiatrique | Volume 98 | 8 | 2022-11-02 | p. 645-650 | 0020-0204 | |
| 856 | 4 | 1 | _uhttps://stm.cairn.info/revue-l-information-psychiatrique-2022-8-page-645?lang=fr&redirect-ssocas=7080 |
| 999 |
_c1615065 _d1615065 |
||